000 00863nam0a22002531 4500
001 rc\2603989
005 20250623132201.0
035 _a(NLR Aleph) 006768013
090 _a5914527
_c5914527
100 _a20110914d1930 |||y0rusy50 ca
101 0 _arus
102 _aRU
105 _ay z |||||
200 1 _aДешевое и сильное удобрение
_fП. В. Будрин
210 _aЛенинград
_cКрасная деревня
_d1930
_gтипо-лит. газ. "Вестник Ленингр. облисполкома"
215 _a16 с.
_d20х15 см.
300 _aБез тит. л. Описано по обложке
700 1 _aБудрин
_bП.В.
_f1857-1939
_gПетр Васильевич
801 0 _aRU
_bNLR
_gpsbo
801 1 _aRU
_bELAR
_2rusmarc
852 _aNLR
_j30.9/256
942 _cBOOK
980 _aNB